Investigación integral de mercados avances para el nuevo milenio (Registro nro. 39977)
[ vista simple ]
| 000 -ENCABEZADO | |
|---|---|
| Número de control [NR] | 01126nam a2200265Ia 4500 |
| 005 - FECHA Y HORA DE LA ÚLTIMA TRANSACCIÓN | |
| control field | 20150122064406.0 |
| 008 - DE LONGITUD FIJA DE DATOS DE ELEMENTOS - INFORMACIÓN GENERAL | |
| Elementos de longitud fija [NR] | 130821s2009 ck a gr spa |
| 020 ## - NUMERO INTERNACIONAL NORMALIZADO PARA LIBROS [R] | |
| Número Internacional Normalizado del libro [NR] | 9788684103994 |
| 040 ## - FUENTE DE CATALOGACION [NR] | |
| Agencia de catalogación original [NR] | Co-BoUCM |
| Idioma de catalogación [NR] | spa |
| Quien Cataloga | Jose A. Gerena (modificó) |
| Quien Clasifica | [Nuevo] |
| 041 00 - CODIGO DE IDIOMA [R] | |
| Código de idioma para texto/pista de sonido o título separado [R] | Español |
| 100 1# - ASIENTO PRINCIPAL--NOMBRE PERSONAL [NR] | |
| Nombre personal [NR] | Jany Castro, José Nicolás |
| ID Autoridad | 56048 |
| 245 10 - MENCION DE TITULO [NR] | |
| Título [NR] | Investigación integral de mercados avances para el nuevo milenio |
| Mención de responsabilidad, etc. [NR] | José Nicolás Jany Castro; editora Lily Solano Arévalo |
| 250 ## - MENCION DE EDICION [NR] | |
| Mención de edición [NR] | 4a ed |
| 260 ## - PUBLICACION, DISTRIBUCION, ETC. (PIE DE IMPRENTA) [R] | |
| Lugar de publicación, distribución, etc. [R] | Bogotá (Colombia) |
| Nombre del editor, distribuidor, etc. [R] | McGraw-Hill |
| Fecha de publicación, distribución, etc. [R] | 2009 |
| 300 ## - DESCRIPCION FISICA [R] | |
| Extensión [R] | xviii, 574 páginas |
| Otros detalles físicos [NR] | ilustraciones, gráficas |
| Material acompañante [NR] | 1 CD-ROM |
| 500 ## - NOTA GENERAL [R] | |
| Nota general [NR] | CD-ROM contiene ejercicios de aplicación, estadísticas demográficas de Colombia y presentación de los temas tratados en el libro. |
| 650 07 - ASIENTO SECUNDARIO DE MATERIA - TERMINO TEMATICO [R] | |
| Término temático o nombre geográfico como elemento de entrada [NR] | Administración de empresas |
| 9 (RLIN) | 26444 |
| 650 07 - ASIENTO SECUNDARIO DE MATERIA - TERMINO TEMATICO [R] | |
| Término temático o nombre geográfico como elemento de entrada [NR] | Análisis de mercadeo |
| 9 (RLIN) | 57841 |
| 650 07 - ASIENTO SECUNDARIO DE MATERIA - TERMINO TEMATICO [R] | |
| Término temático o nombre geográfico como elemento de entrada [NR] | Mercadeo |
| Subdivisión general [R] | Investigaciones |
| 9 (RLIN) | 38377 |
| 650 07 - ASIENTO SECUNDARIO DE MATERIA - TERMINO TEMATICO [R] | |
| Término temático o nombre geográfico como elemento de entrada [NR] | Publicidad |
| 9 (RLIN) | 22914 |
| 690 ## - ASUNTO AGREGADO LOCAL DE ENTRADA - TÉRMINO TEMÁTICO (OCLC, RLIN) | |
| 9 (RLIN) | 42736 |
| Acceso temático local | Administración de empresas |
| 700 1# - ASIENTO SECUNDARIO - NOMBRE PERSONAL [R] | |
| Nombre personal [NR] | Solano Arévalo, Lily |
| Término de relación [R] | editor |
| 9 (RLIN) | 56049 |
| 942 ## - ELEMENTOS DE ENTRADA AGREGADOS (KOHA) | |
| Tipo de ítem principal el descrito en 300a | Libro |
| Tema principal | Administración |
| Edición | 4 |
| Parte restante de la signatura top. | J354i |
| Sistema de clasificación | DEWEY |
| Clasificación | 658.83 |
| Fecha de último préstamo | Total préstamos | Signatura topográfica | Código de barras | Última vez visto | Volúmen / Fascículo | Ejemplar | Price effective from | Tipo de ítem | Nota pública (OPAC) | Perdido | Sistema de clasificación | Dañado | No prestable | Tipo de ítem específico | Suprimido | Ubicación habitual | Ubicación actual | Localización | Fecha de creación | Forma de adquisición | Costo | Total Renewals | Costo de reposición | Proveedor |
|---|---|---|---|---|---|---|---|---|---|---|---|---|---|---|---|---|---|---|---|---|---|---|---|---|
| 18/01/2013 | 658.83 J354i | 100123231 | 16/06/2023 | 4a.Ed. CD-ROM | Ej.4 | 03/02/2013 | Multimedia | DEWEY | CD-Rom | Bodega | Bodega | Préstamo 4 días después de solicitado | 19/02/2013 | Compra | 68850.00 | |||||||||
| 658.83 J354i | 100140193 | 10/12/2024 | 4a.Ed. CD-ROM | Ej.5 | 17/01/2014 | Multimedia | DEWEY | CD-Rom | Claustro | Claustro | Colección digital | 17/01/2014 | Compra | |||||||||||
| 02/08/2016 | 1 | 658.83 J354i | 100144570 | 04/12/2025 | 3a.Ed. | Ej.1 | 03/12/2014 | Libro | DEWEY | Libro | Claustro | Claustro | 4to piso | 03/12/2014 | Compra | 81600.00 | 81600.00 | 10 | ||||||
| 658.83 J354i | 100144571 | 10/12/2024 | 3a.Ed. CD-ROM | Ej.1 | 03/12/2014 | Multimedia | DEWEY | CD-Rom | Claustro | Claustro | Colección digital | 03/12/2014 | Compra | 0.00 | ||||||||||
| 30/01/2017 | 27 | 658.83 J354i | 100128496 | 11/12/2025 | 4a.Ed. | Ej.1 | 03/02/2013 | Libro | Spot de Investigación | DEWEY | Libro | Sede del emprendimiento y la innovación | Sede del Emprendimiento, Innovación y Creación | Research commons | 28/02/2013 | Compra | 64800.00 | |||||||
| 25/01/2018 | 65 | 658.83 J354i | 100140192 | 11/12/2025 | 4a.Ed. | Ej.6 | 17/01/2014 | Libro | Spot de Investigación | DEWEY | Libro | Sede del emprendimiento y la innovación | Sede del Emprendimiento, Innovación y Creación | Research commons | 17/01/2014 | Compra | 64800.00 | 11 | 64800.00 | 26 |